Online Catalogue and eLibrary

Tamil revivalism in the 1930s / (Record no. 478)

MARC details
000 -LEADER
fixed length control field 00462nam a2200181 a 4500
001 - CONTROL NUMBER
control field 530355
005 - DATE AND TIME OF LATEST TRANSACTION
control field 20240222055404.0
008 - FIXED-LENGTH DATA ELEMENTS--GENERAL INFORMATION
fixed length control field 860731s1986 ii b 001 0 eng
040 ## - CATALOGING SOURCE (பட்டியலாக்க மூலம்)
Original cataloging agency DLC
Transcribing agency DLC
Modifying agency DLC
082 00 - DDC Classification
Class No. 320.909548
DDC Edition Number 22
Item Number - Author Mark TAM.
100 1# - MAIN ENTRY--PERSONAL NAME
Personal name Irschick, Eugene F.
245 10 - TITLE STATEMENT
Title Tamil revivalism in the 1930s /
Statement of responsibility, etc. Eugene F. Irschick.
250 ## - EDITION STATEMENT
Edition statement 1st ed.
260 ## - PUBLICATION, DISTRIBUTION, ETC.
Place of publication, distribution, etc. Madras :
Name of publisher, distributor, etc. Cre-A,
Date of publication, distribution, etc. 1986.
300 ## - PHYSICAL DESCRIPTION
Extent (e.g. Volumes, Pages etc.) 372 p.,
500 ## - GENERAL NOTE
General note Includes index.
942 ## - Koha item type (Biblio)
Koha item type Books in Stacks (Lending)
Holdings
Lost status Damaged status Collection code Home library Current library Date acquired Full call number Accession Number Item type
    Lending WERC Library WERC Library 02/22/2024 320.909548 TAM. 548 Books in Stacks (Lending)

© WERC Library